| 000 | 00963cam a2200253 i 4500 | ||
|---|---|---|---|
| 003 | SA-RiAUC | ||
| 005 | 20251030120949.0 | ||
| 008 | 251026s1981 sy g 00000 ara c | ||
| 040 |
_aSA-RiAUC _bara _cSA-RiAUC _erda |
||
| 082 | 0 | 4 | _a243 |
| 090 |
_a243 _bص ا ب |
||
| 100 | 1 |
_aالصابوني، محمد علي، _d1930-2021 _eمؤلف. |
|
| 245 | 1 | 2 |
_aالمهدي وأشراط الساعة / _cتأليف محمد بن علي الصابوني. |
| 250 | _aالطبعة الأولى. | ||
| 264 | 1 |
_aبيروت : _bمؤسسة مناهل العرفان، _c1981 |
|
| 300 |
_a44 صفحة ؛ _c15 سم |
||
| 336 |
_aنص _btxt _2rdacontent _3كتاب |
||
| 337 |
_aبدون وسيط _bn _2rdamedia |
||
| 338 |
_aمجلد _bnc _2rdacarrier |
||
| 650 | 7 |
_aالحديث _xالجوامع (عدا ما ذكر في الكتب الستة) _2aucsh |
|
| 650 | 7 |
_aعلامات الساعة _2aucsh |
|
| 942 |
_2ddc _cBOOK _n0 |
||
| 949 |
_aSA-JeALM _d251026 _umohamedma123 _n1 |
||
| 999 |
_c12821 _d12821 |
||